000 01163nas a2200373 4500
001 BR2011000119
003 BR-BrBNA
005 20231205114402.0
007 ta
008 230509b bl.|||p| |||| 00| 00por d
040 _aBR-BrBNA
_bpor
_cBiblioteca Nacional de Agricultura
041 _a(Pt)
072 _aL02
100 1 _aCorrea, G.S.S.
100 1 _aSilva, M.A.
100 1 _aCorrea, A.B.
100 1 _aFontes, D.O.
100 1 _aDionello, N.J.L.
100 1 _aSantos, G.G.
100 1 _aWenceslau, R.R.
100 1 _aFelipe, V.P.S.
100 1 _aFreitas, L.S.
245 1 _aRelação entre os níveis de lisina da dieta e as características de desempenho de codornas de corte EV2, durante o período de crescimento
650 _aCODORNA
650 _aDIETA
650 _aLISINA
650 _aGANHO DE PESO
650 _aCONSUMO ALIMENTAR
650 _aCONVERSÃO ALIMENTAR
650 _aEXIGÊNCIA NUTRICIONAL
773 0 _tArquivo Brasileiro de Medicina Veterinária e Zootecnia (Brazil)
_xISSN 0102-0935
_g(Aug 2010), v. 62(4) p. 930-939
_wBR2011000119
909 _a202311
_bLúcia
_c55
_dLúcia Elande
942 _2AGRIS
_n0
_cANA
999 _c208529
_d208529